Psychologické aspekty bezpečnosti práce
Psychická regulácia pracovného procesu. Negatívne psychické javy v pracovnom procese - monotónia, psychická saturácia, únava. Stres v pracovnom procese. Mobbing na pracovisku, jeho príčiny a dôsledky, obrana proti nemu. Pojem sexuálneho obťažovania.
Enregistré dans:
| Auteur principal: | |
|---|---|
| Format: | Chapitre de livre |
| Langue: | slovaque |
| Sujets: | |
| Tags: |
Pas de tags, Soyez le premier à ajouter un tag!
|
MARC
| LEADER | 00000naa$a2200000$$$4500 | ||
|---|---|---|---|
| 001 | 0058923 | ||
| 005 | 20231120105915.2 | ||
| 041 | 0 | |a slo | |
| 044 | |a SK | ||
| 245 | 1 | 0 | |a Psychologické aspekty bezpečnosti práce |c Viera Šukalová |
| 520 | |a Psychická regulácia pracovného procesu. Negatívne psychické javy v pracovnom procese - monotónia, psychická saturácia, únava. Stres v pracovnom procese. Mobbing na pracovisku, jeho príčiny a dôsledky, obrana proti nemu. Pojem sexuálneho obťažovania. | ||
| 610 | 2 | 0 | |a bezpečnosť práce |
| 610 | 2 | 0 | |a psychológia |
| 610 | 2 | 0 | |a proces pracovný |
| 610 | 2 | 0 | |a stresy |
| 610 | 2 | 0 | |a mobbing |
| 100 | 1 | |a Šukalová, Viera | |